000 00953nam a2200277 i 4500
001 108848
003 ES-MaACL
005 20251110063226.0
007 t|
008 061121s1977 sp r ||||1| spa d
017 _aB 12197-1977
_bOficina Depósito Legal Barcelona
020 _a847136221X
040 _cES-MaACL
100 1 _aMontseny, Federica,
_d1905-1994
_9240807
_eaut
245 1 3 _aEl éxodo :
_b(Pasión y muerte de españoles en el exilio) /
_cFederica Montseny.
250 _a[Primera edición].
260 _a[Barcelona] :
_bGalba,
_c[1977]
300 _a305 páginas ;
_c19 cm.
650 7 _9175748
_aExilio-
_xHistoria.
_zEspaña-
650 4 _912657
_aExiliados españoles-
_y1936-1939
852 _aES-MaACL
_jA-6961
_bR.95866
_9112976
_cSPP1
_xEncuadernación rústica con solapas
942 _cMONOGRAFIA
_n0
999 _c108848
_d108848